| 000 | 01956 a2200205 4500 | ||
|---|---|---|---|
| 020 | _a0471201901 | ||
| 020 | _a9780471201908 | ||
| 082 | 0 | 4 | _a338.47004092273 |
| 090 |
_c3490 _d3490 |
||
| 100 | 1 | _aMalone, Michael S. | |
| 245 | 1 | 0 |
_aBetting it all : _bthe entrepreneurs of technology / _cMichael S. Malone. |
| 250 | _a1st ed. | ||
| 260 |
_a[S.l.] : _bWiley, _c2001. |
||
| 300 |
_a288 p. ; _c23 cm. |
||
| 500 | _aPaperback. | ||
| 520 | _a"I realized I was willing to die for Java." –– KIM POLESE, MARIMBA "I was the opposite of a party animal. I had this thing where if I was signed up for a [college] class, I wouldn’t go to the class, ever." –– BILL GATES, MICROSOFT "I don’t know what made me decide that my life should always be about making love standing up in a hammock, but this is the way that my life has worked out." –– JERRY SANDERS, ADVANCED MICRO DEVICES Beyond the media hype and mystique, the high-tech entrepreneurs of our time are just as human as the rest of us–even though they carefully guard their words and maintain their corporate images, making it almost impossible to get a real glimpse of the people behind the legends. Now, Betting It All takes you inside the minds of sixteen of the most famous industry titans–Scott McNealy, Bob Metcalfe, Carol Bartz, Philippe Kahn, and more–through a series of intimate and remarkably candid interviews. You’ll be the fly on the wall as these business leaders explore memories from childhood, their dreams, their inspirations, and their unwavering ambition to achieve their goals–no m | ||
| 856 |
_3Amazon.com _uhttp://www.amazon.com/exec/obidos/ASIN/0 |
||
| 856 |
_3Amazon customer reviews _uhttp://www.chopac.org/cgi-bin/to |
||
| 942 |
_aNBS _cBK _k338.47004092273 MAL |
||
| 999 |
_c345967 _d345967 |
||